Los ingresos corrientes del gobierno central: un análisis econométrico (1950-1975) /
El documento consiste en un estudio de los ingresos corrientes del gobierno, por medio de un análisis econométrico de los años 1950-1975, en Costa Rica.
Guardado en:
| Hovedforfatter: | |
|---|---|
| Format: | Tesis |
| Sprog: | Spanish |
| Udgivet: |
San Pedro de M. de O.:
UCR. IICE
1977
|
| Fag: | |
| Tags: |
Tilføj Tag
Ingen Tags, Vær først til at tagge denne postø!
|
MARC
| LEADER | 00000 a a2200000 04500 | ||
|---|---|---|---|
| 001 | 16458 | ||
| 003 | cru CIDCACS/IIS | ||
| 005 | 20230523122705.0 | ||
| 008 | 230523e1977 cr ||||| |||| 00| 0 spa d | ||
| 040 | |a CRAI/IIS |c CRAI/IIS | ||
| 090 | |a 03.01.02 R173i | ||
| 100 | |a Ramírez Rodríguez, Edwin | ||
| 245 | |a Los ingresos corrientes del gobierno central: |b un análisis econométrico (1950-1975) / |c Edwin Ramírez Rodríguez | ||
| 260 | |a San Pedro de M. de O.: |b UCR. IICE |c 1977 | ||
| 300 | |a 61 páginas | ||
| 502 | |a Tesis (Lic. en Ciencias Económicas con especialización en Economía) -- UCR. Facultad de Ciencias Económicas, 1977 | ||
| 520 | |a El documento consiste en un estudio de los ingresos corrientes del gobierno, por medio de un análisis econométrico de los años 1950-1975, en Costa Rica. | ||
| 650 | 0 | |9 143 |a ECONOMIA | |
| 650 | 0 | |9 7733 |a INGRESOS | |
| 650 | 0 | |9 410 |a GOBIERNO CENTRAL | |
| 651 | 0 | |9 32 |a COSTA RICA | |
| 942 | |2 ddc |c LITG |h 03.01.02 R173i |i 07061 |6 030102_R173I_07061 | ||
| 999 | |c 18122 |d 18122 | ||
